000 00851nam0a2200277 4500
001 RU\NLR\BIBL_A\012479428
005 20250624044502.0
035 _a(NLR Aleph) 012479428
090 _a13303275
_c13303275
100 _a20210319d1966 |||y0rusy50 ca
101 0 _akur
102 _aAM
105 _ay z 000 y
181 0 _ai
_baxxe
182 0 _an
200 1 _aМеване Рʾое
_fУсьве Бакʾо
203 _aТекст
_bвизуальный
_cнепосредственный
210 _aЕреван
_cНәширәта "Һайастан"
_d1966
215 _a53,[1]c.
_d16
541 1 _6z01790
_aГость солнца
_zrus
700 1 _aУсьве
_bУ.Б.
_dУсьве Бакʾо
790 1 _6z01541
_aУсьве
_bБ.
_gБакоев
_4070
852 _aNLR
_bОНЛ
_jКурд./2-111
942 _cBOOK
980 _aNB